Vysoké štátne vyznamenanie RNDr. Antona Droppu, CSc.

Podrobná bibliografia
Hlavný autor: Bella, Pavel (Author)
Médium: Článok
Jazyk:Slovak
Témy:
On-line prístup:http://www.ssj.sk/edicna-cinnost/aragonit/13-1/
Zdroj: 1. Aragonit 1. Roč. 13, č. 1 (2008), s. 53 1. 1335-213X
LEADER 00990nab#a2200361#ar4500
001 000108083
003 SVKKK
005 20120511132500.0
008 110126c2008 xo |||||||||||||||b|slo
FMT
015 |a SNBRB2012/05 
038 |a SVKKK 
040 |a SVKKK  |b slo  |e AACR2 
041 0 |a slo 
044 |a xo  |c SK 
080 |a 551.44  |x (437.6)  |2 1997 
080 |a 929 Droppa, Anton  |2 1997 
100 1 |a Bella, Pavel  |4 aut 
245 1 0 |a Vysoké štátne vyznamenanie RNDr. Antona Droppu, CSc.  |c Pavel Bella 
246 3 1 |a Important state award for Anton Droppa 
300 |b Fotogr. 
600 1 4 |a Droppa, Anton  |x speleológ  |x geograf  |d 1920-  |z Lazisko (Slovensko)  |x štátne vyznamenania 
650 0 4 |a speleológia 
655 # 4 |a biografie 
773 0 |t Aragonit  |g Roč. 13, č. 1 (2008), s. 53  |x 1335-213X 
958 |a BX 
974 |a MI 
992 |a RBX 
BAS
852 |a SVKKK  |b BIB 
856 4 |u http://www.ssj.sk/edicna-cinnost/aragonit/13-1/ 
EXP
998 |a SLO